|
|
|
|
| LEADER |
02246nam a2200613 i 4500 |
| 001 |
nkc20253663682 |
| 003 |
CZ PrNK |
| 005 |
20251114111223.0 |
| 007 |
ta |
| 008 |
250106s2025 xr a e 000 0 cze |
| 015 |
|
|
|a cnb003663682
|
| 020 |
|
|
|a 978-80-11-06233-0
|q (vázáno)
|
| 035 |
|
|
|a (OCoLC)1514347219
|
| 040 |
|
|
|a OLA001
|b cze
|d ABA001
|e rda
|
| 072 |
|
7 |
|a 615.8
|x Fyzioterapie. Psychoterapie. Alternativní lékařství
|2 Konspekt
|9 14
|
| 080 |
|
|
|a 615.851-026.452
|2 MRF
|
| 080 |
|
|
|a 159.96
|2 MRF
|
| 080 |
|
|
|a 159.974
|2 MRF
|
| 080 |
|
|
|a 613.86:616
|2 MRF
|
| 080 |
|
|
|a 159.923.2
|2 MRF
|
| 080 |
|
|
|a (078.7)
|2 MRF
|
| 080 |
|
|
|a (0.062)
|2 MRF
|
| 100 |
1 |
|
|a Hanzalová, Klára,
|d 1976-
|7 xx0147371
|4 aut
|4 pbl
|
| 245 |
1 |
0 |
|a Síla regresní terapie :
|b tajemství mysli, které mění život /
|c Klára Hanzalová
|
| 250 |
|
|
|a 1. vydání
|
| 264 |
|
1 |
|a [Košetice] :
|b Mgr. Klára Hanzalová,
|c 2024
|
| 300 |
|
|
|a 265 stran :
|b ilustrace ;
|c 22 cm
|
| 336 |
|
|
|a text
|b txt
|2 rdacontent
|
| 337 |
|
|
|a bez média
|b n
|2 rdamedia
|
| 338 |
|
|
|a svazek
|b nc
|2 rdacarrier
|
| 500 |
|
|
|a Vročení na titulní stránce je chybné, správně má být: 2025
|
| 500 |
|
|
|a Terminologický slovník
|
| 504 |
|
|
|a Obsahuje bibliografii
|
| 650 |
0 |
7 |
|a regresní psychoterapie
|7 ph116031
|2 czenas
|
| 650 |
0 |
7 |
|a nevědomí
|7 ph123282
|2 czenas
|
| 650 |
0 |
7 |
|a psychická traumata
|7 ph124784
|2 czenas
|
| 650 |
0 |
7 |
|a psychosomatika
|7 ph124823
|2 czenas
|
| 650 |
0 |
7 |
|a sebepoznání
|7 ph116116
|2 czenas
|
| 650 |
0 |
9 |
|a regressive psychotherapy
|2 eczenas
|
| 650 |
0 |
9 |
|a unconsciousness
|2 eczenas
|
| 650 |
0 |
9 |
|a psychic trauma
|2 eczenas
|
| 650 |
0 |
9 |
|a psychosomatics
|2 eczenas
|
| 650 |
0 |
9 |
|a self-consciousness
|2 eczenas
|
| 655 |
|
7 |
|a případové studie
|7 fd133208
|2 czenas
|
| 655 |
|
7 |
|a populárně-naučné publikace
|7 fd131864
|2 czenas
|
| 655 |
|
9 |
|a case studies
|2 eczenas
|
| 655 |
|
9 |
|a popular works
|2 eczenas
|
| 910 |
2 |
|
|a BOA001
|b 2-1539.825
|
| 928 |
9 |
|
|a Klára Hanzalová
|
| 990 |
|
|
|a BK
|
| 995 |
|
|
|a 01
|
| 991 |
|
|
|b 202503
|c NOV
|
| 996 |
6 |
|
|b 2610998155
|c 2-1539.825
|l MZK
|r Sklad / do 1 hodiny
|n 1
|p p.v.
|w 001998350
|u 000010
|a 1
|e BOA001
|j MZK50
|s P
|
| 996 |
7 |
|
|b 2611018146
|c 2-1539.825
|l Vol.výběr
|r VV 0p
|n 1
|p kup
|h 615.851 HAN
|w 001998350
|u 000020
|a 0
|e BOA001
|j MZK50
|s A
|